[Event "Dimitrovgrad Chmp. 2012 open"]
[Site "Dimitrovgrad"]
[Date "2012.02.22"]
[Round "4"]
[White "Rusakov, Vladimir"]
[Black "Pushkin, Sergey"]
[Result "1-0"]
[WhiteElo "2020"]
[BlackElo "1762"]
[PlyCount "113"]

1. d4 e6 2. Nf3 b6 3. e4 Bb7 4. Bd3 Nf6 5. Qe2 d5 6. e5 Nfd7 7. O-O c5 8. c3 c4
9. Bc2 Be7 10. Ne1 Nc6 11. Qg4 g6 12. Bh6 Qc7 13. a4 f6 14. exf6 Nxf6 15. Qxe6
Bc8 16. Bf4 Bxe6 17. Bxc7 Kd7 18. Bg3 Nh5 19. Nd2 Rhf8 20. Nef3 Nxg3 21. hxg3
Bf5 22. Bxf5+ Rxf5 23. Rae1 Bd6 24. Re2 h6 25. Rfe1 g5 26. g4 Rf6 27. g3 a5 28.
Kg2 Rh8 29. Rh1 Rb8 30. Nf1 b5 31. Ne3 Ne7 32. axb5 Rxb5 33. Ra1 Re6 34. Ree1
Bc7 35. Nd1 Rxe1 36. Nxe1 Rb8 37. Nf3 Nc6 38. Rc1 a4 39. Rc2 Bd6 40. Ne3 Ne7
41. Ng1 Ra8 42. Ne2 a3 43. bxa3 Rxa3 44. f4 gxf4 45. gxf4 Ng6 46. Nxd5 Ke6 47.
Ne3 Nxf4+ 48. Nxf4+ Bxf4 49. Nxc4 Rb3 50. Kf3 Bg5 51. Ke4 Rb1 52. d5+ Kd7 53.
Ne5+ Ke7 54. Re2 Bf6 55. c4 Rg1 56. Nf3 Rxg4+ 57. Kf5+ 1-0

[Event "Dimitrovgrad Chmp. 2012 open"]
[Site "Dimitrovgrad"]
[Date "2012.02.22"]
[Round "4"]
[White "Plychek, Viktor"]
[Black "Hafijtullin, Gazimbek"]
[Result "1/2-1/2"]
[WhiteElo "1838"]
[BlackElo "1778"]
[PlyCount "38"]

1. c4 Nf6 2. Nc3 g6 3. e4 e5 4. d3 h6 5. g3 Bg7 6. Bg2 Nc6 7. Nge2 O-O 8. O-O
d6 9. h3 a6 10. a3 Be6 11. b4 Nd4 12. Kh2 c6 13. Be3 Nxe2 14. Nxe2 Rc8 15. Rc1
d5 16. c5 dxe4 17. dxe4 Qxd1 18. Rfxd1 Rcd8 19. Nc3 Bb3 1/2-1/2

[Event "Dimitrovgrad Chmp. 2012 open"]
[Site "Dimitrovgrad"]
[Date "2012.02.22"]
[Round "4"]
[White "Alyev, Timur"]
[Black "Akimov, Gennadiy"]
[Result "0-1"]
[WhiteElo "1667"]
[BlackElo "1943"]
[PlyCount "105"]

1. e4 e5 2. Nf3 Nf6 3. d3 Nc6 4. g3 Bc5 5. Bg2 O-O 6. O-O d6 7. Bg5 h6 8. Bxf6
Qxf6 9. h3 Be6 10. Nbd2 Rad8 11. c4 Qe7 12. Qe2 a5 13. Nb3 Ba7 14. Rad1 a4 15.
Na1 Qd7 16. Kh2 g5 17. g4 f6 18. Nc2 Ne7 19. d4 Ng6 20. d5 Bf7 21. Ng1 Nf4 22.
Qf3 h5 23. Ne3 Bg6 24. Rd2 Kg7 25. Ne2 Rh8 26. Nxf4 gxf4 27. Nf5+ Kf7 28. Kg1
Rdg8 29. Rd3 Bxf5 30. gxf5 Rg5 31. h4 Rg4 32. Kh2 Rxh4+ 33. Bh3 Rg4 34. Rg1
Rxg1 35. Kxg1 Kf8 36. Qd1 Bc5 37. Kf1 b5 38. Qc2 Rg8 39. a3 Qg7 40. Rf3 Qg1+
41. Ke2 Qa1 42. cxb5 Rg1 43. Rc3 Bxf2 44. Qxa4 Qe1+ 45. Kd3 Rg3+ 46. Kc2 Rxc3+
47. bxc3 Qe2+ 48. Kb3 Qd1+ 49. Kb4 Bc5+ 50. Ka5 Bb6+ 51. Kb4 Qb1+ 52. Qb3 Qxe4+
53. c4 0-1

[Event "Dimitrovgrad Chmp. 2012 open"]
[Site "Dimitrovgrad"]
[Date "2012.02.22"]
[Round "4"]
[White "Bezvitelnov, Dmitriy"]
[Black "Ishpulaeva, Veronika"]
[Result "1-0"]
[WhiteElo "1780"]
[BlackElo "1632"]
[PlyCount "59"]

1. d4 Nf6 2. Nf3 e6 3. c4 c5 4. e3 b5 5. cxb5 d5 6. Bd2 Qb6 7. dxc5 Bxc5 8. Nc3
Nbd7 9. Na4 Qd6 10. Nxc5 Nxc5 11. Bb4 Nfe4 12. Qd4 f6 13. Rc1 e5 14. Bxc5 exd4
15. Bxd6 Nxd6 16. Nxd4 Bd7 17. Bd3 O-O 18. Rc7 Rfc8 19. Rxd7 Rc1+ 20. Kd2 Rxh1
21. Rxd6 Rxh2 22. Bf1 Rh5 23. Ra6 Re5 24. Nc6 Ree8 25. Rxa7 Rxa7 26. Nxa7 Ra8
27. Nc6 Rxa2 28. Kc3 Ra1 29. Bd3 Ra8 30. b6 1-0

[Event "Dimitrovgrad Chmp. 2012 open"]
[Site "Dimitrovgrad"]
[Date "2012.02.22"]
[Round "4"]
[White "Guliev, Fahrutdin"]
[Black "Ishpulaev, Ivan"]
[Result "1-0"]
[WhiteElo "1774"]
[BlackElo "1498"]
[PlyCount "61"]

1. d4 Nf6 2. c4 e6 3. Bg5 c5 4. d5 h6 5. Bh4 exd5 6. cxd5 d6 7. Nc3 Bf5 8. h3
Be7 9. Nf3 Nbd7 10. e3 O-O 11. Bb5 a6 12. Ba4 b5 13. Bc2 Bxc2 14. Qxc2 b4 15.
Ne2 Re8 16. Rd1 Nb6 17. Bg3 Nbxd5 18. O-O Nc7 19. Nh4 Nb5 20. Nf5 Qd7 21. Nf4
c4 22. Nd5 Nxd5 23. Rxd5 Qe6 24. Rfd1 b3 25. axb3 cxb3 26. Qxb3 Nc7 27. Nxe7+
Rxe7 28. Qb7 Rd8 29. Rxd6 Rxd6 30. Rxd6 Qc4 31. Rc6 1-0

[Event "Dimitrovgrad Chmp. 2012 open"]
[Site "Dimitrovgrad"]
[Date "2012.02.23"]
[Round "5"]
[White "Ulanov, Sergei"]
[Black "Lazutin, Valerij"]
[Result "1/2-1/2"]
[WhiteElo "2132"]
[BlackElo "1971"]
[PlyCount "51"]

1. e4 c6 2. d4 d5 3. exd5 cxd5 4. c4 e6 5. Nc3 Be7 6. Nf3 Nf6 7. Bf4 a6 8. c5
Nc6 9. Bd3 Bd7 10. O-O O-O 11. Re1 b6 12. cxb6 Qxb6 13. Na4 Qa5 14. Bd2 Qc7 15.
Rc1 Qa7 16. Bf4 Rfc8 17. a3 Na5 18. b4 Nc4 19. Bxc4 dxc4 20. Nc5 Nd5 21. Bd2 a5
22. Ne5 Bxc5 23. bxc5 Bb5 24. Nxc4 Bxc4 25. Rxc4 a4 26. Qc2 1/2-1/2

[Event "Dimitrovgrad Chmp. 2012 open"]
[Site "Dimitrovgrad"]
[Date "2012.02.23"]
[Round "5"]
[White "Beldyugin, Alexey"]
[Black "Plychek, Viktor"]
[Result "1-0"]
[WhiteElo "2050"]
[BlackElo "1838"]
[PlyCount "45"]

1. c4 Nf6 2. g3 e5 3. Bg2 c5 4. Nc3 Be7 5. Nf3 d6 6. O-O O-O 7. e3 Nc6 8. d4 a6
9. b3 Rb8 10. dxe5 dxe5 11. Qe2 Qc7 12. Bb2 Bg4 13. h3 Bxf3 14. Qxf3 Bd6 15.
Rad1 Na7 16. g4 h6 17. h4 e4 18. Nxe4 Nxe4 19. Qxe4 Rfe8 20. Qf5 Bf8 21. Rd7
Qb6 22. Qxf7+ Kh8 23. Bd5 1-0

[Event "Dimitrovgrad Chmp. 2012 open"]
[Site "Dimitrovgrad"]
[Date "2012.02.23"]
[Round "5"]
[White "Abramov, Sergey"]
[Black "Abbasov, Orudj"]
[Result "1-0"]
[WhiteElo "2012"]
[BlackElo "1703"]
[PlyCount "63"]

1. Nf3 d5 2. d4 Nf6 3. c4 e6 4. e3 c6 5. Nc3 Nbd7 6. Qc2 Bd6 7. Bd3 O-O 8. b3
dxc4 9. bxc4 e5 10. O-O Re8 11. Bb2 Qe7 12. Ng5 h6 13. Nge4 Bb8 14. Nxf6+ Nxf6
15. d5 e4 16. Be2 Qc7 17. g3 cxd5 18. Nb5 Qe7 19. Ba3 Qe6 20. cxd5 Qh3 21. d6
Ng4 22. Bxg4 Bxg4 23. f3 exf3 24. Rae1 a6 25. Nc7 Bxc7 26. dxc7 Rac8 27. Rf2
Re6 28. Rd1 Rxe3 29. Rd8+ Re8 30. Be7 Bf5 31. Qa4 Bd7 32. Qxd7 {[%emt 0:00:02]}
1-0

[Event "Dimitrovgrad Chmp. 2012 open"]
[Site "Dimitrovgrad"]
[Date "2012.02.23"]
[Round "5"]
[White "Hafijtullin, Gazimbek"]
[Black "Bezvitelnov, Dmitriy"]
[Result "1/2-1/2"]
[WhiteElo "1778"]
[BlackElo "1780"]
[PlyCount "55"]

1. e4 e5 2. Bc4 Nf6 3. Nf3 Nc6 4. Nc3 Nxe4 5. Bxf7+ Kxf7 6. Nxe4 d5 7. Ng3 e4
8. Ng1 Bc5 9. d3 exd3 10. Qxd3 Ne5 11. Qb3 Re8 12. N1e2 Be6 13. Bf4 Ng6 14. O-O
Kg8 15. Rad1 Rf8 16. Be3 Bxe3 17. Qxe3 Qf6 18. Nh5 Qf7 19. c3 Bg4 20. Nhg3 Rae8
21. Qd2 Bxe2 22. Nxe2 c6 23. Nd4 Nf4 24. Rde1 Qg6 25. f3 Qh6 26. Qc2 Ne6 27.
Qf2 Nxd4 28. Qxd4 1/2-1/2

[Event "Dimitrovgrad Chmp. 2012 open"]
[Site "Dimitrovgrad"]
[Date "2012.02.23"]
[Round "5"]
[White "Skulkin, Nikolay"]
[Black "Gilmatdinov, Rashit"]
[Result "1/2-1/2"]
[WhiteElo "1814"]
[BlackElo "1594"]
[PlyCount "64"]

1. e4 c5 2. Nc3 a6 3. f4 Nc6 4. Nf3 Qc7 5. d3 e6 6. g3 Nd4 7. Bg2 d6 8. O-O Ne7
9. Be3 Nec6 10. Ne2 e5 11. c3 Nxe2+ 12. Qxe2 Be7 13. h3 Bd7 14. Kh2 exf4 15.
Bxf4 h6 16. e5 Be6 17. d4 d5 18. Rac1 g5 19. Be3 g4 20. Nh4 h5 21. Nf5 Bf8 22.
h4 O-O-O 23. b4 c4 24. Bg5 Rd7 25. Qd2 Kb8 26. a4 a5 27. b5 Ne7 28. Nxe7 Bxe7
29. Bxe7 Rxe7 30. Rf6 b6 31. Rcf1 Qd7 32. Qg5 Ree8 1/2-1/2

[Event "Dimitrovgrad Chmp. 2012 open"]
[Site "Dimitrovgrad"]
[Date "2012.02.23"]
[Round "5"]
[White "Sychov, Vladimir"]
[Black "Lebedev, Viktor"]
[Result "0-1"]
[WhiteElo "1544"]
[BlackElo "1722"]
[PlyCount "84"]

1. e4 d5 2. e5 Bf5 3. d4 e6 4. a3 a6 5. h3 c5 6. c3 Nc6 7. Nf3 h6 8. Be2 cxd4
9. cxd4 Qa5+ 10. Bd2 Bb4 11. Nc3 Bxc3 12. Bxc3 Qb6 13. Qd2 Nge7 14. Rc1 O-O 15.
Nh2 Rac8 16. Rf1 Na5 17. Qe3 Nb3 18. Rd1 Bc2 19. g4 Bxd1 20. Bxd1 Na5 21. Be2
Nc4 22. Bxc4 dxc4 23. Qd2 Nd5 24. Ke2 Qd8 25. Nf3 b5 26. Rg1 Nxc3+ 27. bxc3 Qd5
28. Qe3 f6 29. h4 fxe5 30. Nxe5 Rf6 31. g5 hxg5 32. Rxg5 Rf5 33. Ng6 Qd6 34.
Rg4 Re8 35. Re4 Rf6 36. Nf4 Ref8 37. Nh3 Qxa3 38. Kf1 Rf3 39. Qe2 Rxh3 40. Qg4
Qc1+ 41. Ke2 Qc2+ 42. Kf1 Qxf2# 0-1

[Event "Dimitrovgrad Chmp. 2012 open"]
[Site "Dimitrovgrad"]
[Date "2012.02.23"]
[Round "5"]
[White "Podbornova, Klavdiya"]
[Black "Guliev, Fahrutdin"]
[Result "0-1"]
[WhiteElo "1469"]
[BlackElo "1774"]
[PlyCount "114"]

1. e4 e5 2. Nf3 d6 3. Bc4 h6 4. d3 a6 5. Be3 Bg4 6. Nbd2 Nf6 7. c3 Be7 8. Qb3
Bc8 9. Bxf7+ Kf8 10. Bg6 d5 11. Nxe5 Be6 12. Qxb7 Nbd7 13. Nxd7+ Bxd7 14. exd5
Rb8 15. Qxa6 Rxb2 16. O-O Nxd5 17. Rab1 Rxb1 18. Rxb1 Nxc3 19. Qc4 Be8 20. Qxc3
Bxg6 21. Ne4 Kg8 22. g3 Kh7 23. Re1 Re8 24. h4 Qd5 25. Bc1 Qxa2 26. Qxc7 Bb4
27. Rf1 Qe2 28. Nf6+ Kh8 29. Nxe8 Bxe8 30. Qb8 Qe7 31. Qf4 Bc3 32. Bd2 Bf6 33.
Re1 Qd8 34. Qe4 Bb5 35. Re3 Qd6 36. Qf5 Bd7 37. Qe4 Bc6 38. Qg6 Qd5 39. Qe4 Qb5
40. Qc4 Qb7 41. Qb4 Qd7 42. Kh2 Qf5 43. Qf4 Qd5 44. Qe4 Qb5 45. Qc4 Qb7 46. Qb4
Qd7 47. Bc3 Qf5 48. Qf4 Qxf4 49. gxf4 Bxc3 50. Kg3 Bd4 51. Re6 Bb5 52. Rd6 Bf6
53. h5 Kg8 54. f5 Be5+ 55. f4 Bxd6 56. d4 Kf7 57. Kg4 Kf6 0-1

[Event "Dimitrovgrad Chmp. 2012 open"]
[Site "Dimitrovgrad"]
[Date "2012.02.23"]
[Round "6"]
[White "Abramov, Pavel"]
[Black "Ulanov, Alexandr"]
[Result "0-1"]
[WhiteElo "2095"]
[BlackElo "2337"]
[PlyCount "98"]

1. Nf3 Nf6 2. c4 g6 3. Nc3 d5 4. d4 Bg7 5. Bf4 O-O 6. e3 c5 7. dxc5 Qa5 8. Rc1
dxc4 9. Bxc4 Qxc5 10. Bb3 Nc6 11. O-O Qh5 12. h3 h6 13. Bh2 g5 14. Ne5 g4 15.
hxg4 Bxg4 16. Nxg4 Nxg4 17. Bg3 Rad8 18. Qe2 Be5 19. f4 Nd4 20. exd4 Bxd4+ 21.
Rf2 Bxf2+ 22. Bxf2 Qh2+ 23. Kf1 Qxf4 24. Rd1 Rxd1+ 25. Bxd1 Qxf2+ 26. Qxf2 Nxf2
27. Kxf2 f5 28. Bf3 Kg7 29. Ke2 e5 30. b3 Rf7 31. Nb5 b6 32. Nd6 Rf8 33. a4 Kf6
34. Nb5 a6 35. Nd6 Rd8 36. Nc4 b5 37. axb5 axb5 38. Na5 Rg8 39. Kf2 Rc8 40. Bc6
b4 41. Bf3 Rc2+ 42. Ke1 e4 43. Be2 Ke5 44. g3 Kd4 45. Nc4 Rc3 46. Nd6 Ke5 47.
Nf7+ Kf6 48. Nxh6 Rxg3 49. Bc4 Rh3 0-1

[Event "Dimitrovgrad Chmp. 2012 open"]
[Site "Dimitrovgrad"]
[Date "2012.02.23"]
[Round "6"]
[White "Yakimkin, Igor"]
[Black "Rusakov, Vladimir"]
[Result "1-0"]
[WhiteElo "2208"]
[BlackElo "2020"]
[PlyCount "49"]

1. e4 e5 2. Nf3 Nc6 3. d4 exd4 4. Nxd4 Qh4 5. Nc3 Bb4 6. Ndb5 Nf6 7. Nxc7+ Kd8
8. N7d5 Nxe4 9. Be3 Re8 10. Be2 Nxc3 11. bxc3 Rxe3 12. cxb4 Re6 13. c3 Qc4 14.
Qd2 Rxe2+ 15. Qxe2 Qxd5 16. O-O b6 17. Rad1 Qe6 18. Qd3 Kc7 19. Rfe1 Qg6 20.
Qc4 a6 21. a4 Kb7 22. b5 axb5 23. axb5 Na5 24. Qf4 Ka7 25. Rxd7+ 1-0

[Event "Dimitrovgrad Chmp. 2012 open"]
[Site "Dimitrovgrad"]
[Date "2012.02.23"]
[Round "6"]
[White "Abramov, Sergey"]
[Black "Ulanov, Sergei"]
[Result "0-1"]
[WhiteElo "2012"]
[BlackElo "2132"]
[PlyCount "114"]

1. Nf3 Nc6 2. c4 e5 3. Nc3 Bb4 4. g3 Bxc3 5. dxc3 Nf6 6. Bg2 d6 7. Qc2 O-O 8.
O-O Be6 9. b3 a5 10. a4 Qe7 11. Ng5 Bg4 12. e4 Nd7 13. h3 Bh5 14. Be3 f6 15.
Nf3 Bf7 16. Rad1 b6 17. Rfe1 Nc5 18. Nh2 Be6 19. Nf1 Nd8 20. Bc1 Nf7 21. Ne3 c6
22. Rd2 Qb7 23. Red1 b5 24. Ba3 Rfb8 25. Bxc5 dxc5 26. cxb5 cxb5 27. Nd5 b4 28.
c4 Ng5 29. Kh2 Bf7 30. f4 Ne6 31. fxe5 fxe5 32. Ne3 Nd4 33. Qd3 Re8 34. Nf5
Rad8 35. Nxd4 exd4 36. Rf2 Bg6 37. Rf4 Re5 38. Re1 Qe7 39. Bf3 Re8 40. Re2 Bf7
41. h4 Be6 42. Kg2 g5 43. hxg5 Qxg5 44. Qd1 Kh8 45. Qh1 Rg8 46. Qh4 Qxh4 47.
Rxh4 Reg5 48. e5 Rxg3+ 49. Kf2 R3g5 50. Be4 Bf5 51. e6 Re8 52. Bxf5 Rxf5+ 53.
Kg3 Re7 54. Rhe4 Kg7 55. Kg4 Kf6 56. Rh2 Rg7+ 57. Kh4 Ke7 0-1

[Event "Dimitrovgrad Chmp. 2012 open"]
[Site "Dimitrovgrad"]
[Date "2012.02.23"]
[Round "6"]
[White "Lazutin, Valerij"]
[Black "Beldyugin, Alexey"]
[Result "1/2-1/2"]
[WhiteElo "1971"]
[BlackElo "2050"]
[PlyCount "78"]

1. d4 Nc6 2. c4 d5 3. e3 e5 4. Nf3 Bg4 5. h3 Bb4+ 6. Bd2 Bxf3 7. Qxf3 Nge7 8.
cxd5 Qxd5 9. Qxd5 Nxd5 10. Nc3 O-O-O 11. a3 Nxc3 12. bxc3 Ba5 13. Bc4 exd4 14.
cxd4 Rhe8 15. Bxa5 Nxa5 16. Be2 f5 17. Rc1 Rd5 18. Rc3 Kd7 19. Kd2 Rc8 20. Rb1
b6 21. g4 f4 22. Bd3 g6 23. Be4 Rd6 24. Kd3 fxe3 25. fxe3 Rf8 26. Rbc1 c6 27.
g5 Rf2 28. R1c2 Rxc2 29. Kxc2 b5 30. Bd3 Nb7 31. Be2 a5 32. Bg4+ Ke7 33. Bf3
Kd7 34. Kd3 Nd8 35. Rc5 a4 36. e4 Ne6 37. Bg4 Rxd4+ 38. Ke3 Rd6 39. h4 Kc7
1/2-1/2

[Event "Dimitrovgrad Chmp. 2012 open"]
[Site "Dimitrovgrad"]
[Date "2012.02.23"]
[Round "6"]
[White "Bezvitelnov, Dmitriy"]
[Black "Akimov, Gennadiy"]
[Result "1-0"]
[WhiteElo "1780"]
[BlackElo "1943"]
[PlyCount "91"]

1. d4 c5 2. d5 d6 3. Nf3 e5 4. e4 f5 5. Nc3 Nf6 6. Bg5 Be7 7. Bxf6 Bxf6 8. Bb5+
Bd7 9. Bxd7+ Qxd7 10. Qd3 f4 11. O-O-O a6 12. a4 O-O 13. g3 Rc8 14. Qc4 g5 15.
gxf4 exf4 16. Nxg5 b5 17. axb5 axb5 18. Qxb5 Bxg5 19. Rdg1 Ra1+ 20. Kd2 Rxg1
21. Rxg1 Qxb5 22. Nxb5 h6 23. h4 Rd8 24. hxg5 h5 25. Rh1 Na6 26. Rxh5 c4 27.
Rh6 Nc5 28. f3 Nb7 29. Kc3 Kg7 30. Kxc4 Rc8+ 31. Kd3 Rd8 32. c4 Rd7 33. Nxd6
Nxd6 34. Rxd6 Rxd6 35. c5 Rd8 36. c6 Kf7 37. b4 Ke7 38. Kd4 Rg8 39. e5 Rxg5 40.
d6+ Ke6 41. c7 Kd7 42. b5 Rg1 43. e6+ Kc8 44. Kc5 Rc1+ 45. Kb6 Re1 46. d7# 1-0

[Event "Dimitrovgrad Chmp. 2012 open"]
[Site "Dimitrovgrad"]
[Date "2012.02.23"]
[Round "6"]
[White "Alyev, Timur"]
[Black "Hafijtullin, Gazimbek"]
[Result "1-0"]
[WhiteElo "1667"]
[BlackElo "1778"]
[PlyCount "49"]

1. e4 c5 2. g3 g6 3. Bg2 Bg7 4. c3 Nc6 5. f4 e6 6. d3 Nge7 7. Be3 b6 8. Ne2 Rb8
9. Nd2 d5 10. O-O O-O 11. Qc2 Ba6 12. Bf3 Rc8 13. Bf2 d4 14. c4 e5 15. Bg2 Bh6
16. Nf3 Qc7 17. Be1 exf4 18. gxf4 Bxf4 19. Nxf4 Qxf4 20. Bd2 Qc7 21. Bh6 Rfe8
22. Ng5 Ne5 23. Qf2 N7c6 24. Qf6 Nf3+ 25. Nxf3 1-0

[Event "Dimitrovgrad Chmp. 2012 open"]
[Site "Dimitrovgrad"]
[Date "2012.02.23"]
[Round "6"]
[White "Lebedev, Viktor"]
[Black "Plychek, Viktor"]
[Result "0-1"]
[WhiteElo "1722"]
[BlackElo "1838"]
[PlyCount "80"]

1. d4 d5 2. Nf3 Nf6 3. Bg5 e6 4. e3 Be7 5. Bd3 O-O 6. Nbd2 a6 7. O-O Nbd7 8. c4
c5 9. cxd5 Nxd5 10. Bxe7 Qxe7 11. e4 Nf4 12. Bc2 b5 13. dxc5 Nxc5 14. Nb3 Na4
15. Nbd4 Nb6 16. e5 Bb7 17. Qd2 Nfd5 18. Qd3 g6 19. h4 Rad8 20. Qd2 Kg7 21. h5
h6 22. hxg6 fxg6 23. g3 Nc4 24. Qd3 Qe8 25. Rab1 Nb4 26. Qe2 Nxc2 27. Qxc2 Bxf3
28. Nxf3 Rxf3 29. Rbd1 Rxd1 30. Rxd1 Qc6 31. b3 Nxe5 32. Qe2 Kf6 33. Rd8 Rf5
34. Qd1 Qf3 35. Qc2 Kg5 36. Qd2+ Kh5 37. Rd4 Ng4 38. Rf4 Rxf4 39. gxf4 Kh4 40.
Qd8+ Kh3 0-1

[Event "Dimitrovgrad Chmp. 2012 open"]
[Site "Dimitrovgrad"]
[Date "2012.02.23"]
[Round "6"]
[White "Eralashkin, Vadim"]
[Black "Skulkin, Nikolay"]
[Result "1/2-1/2"]
[WhiteElo "1722"]
[BlackElo "1814"]
[PlyCount "56"]

1. d4 Nf6 2. c4 d5 3. Nc3 c6 4. cxd5 Nxd5 5. Nxd5 Qxd5 6. Nf3 Bg4 7. Ne5 Bh5 8.
f3 e6 9. e4 Qa5+ 10. Bd2 Bb4 11. Nc4 Bxd2+ 12. Qxd2 Qxd2+ 13. Nxd2 O-O 14. Nc4
a5 15. Be2 b5 16. Nd6 Rd8 17. e5 Kf8 18. O-O Ke7 19. g4 Bg6 20. h4 f6 21. f4
Be8 22. f5 Nd7 23. Bf3 Ra6 24. Rac1 fxe5 25. dxe5 Nxe5 26. Nxe8 Nxf3+ 27. Rxf3
Kxe8 28. Re3 Rd6 1/2-1/2

[Event "Dimitrovgrad Chmp. 2012 open"]
[Site "Dimitrovgrad"]
[Date "2012.02.23"]
[Round "6"]
[White "Gilmatdinov, Rashit"]
[Black "Sychov, Vladimir"]
[Result "1-0"]
[WhiteElo "1594"]
[BlackElo "1544"]
[PlyCount "101"]

1. d4 c6 2. c4 e6 3. a3 Be7 4. Nc3 h6 5. Nf3 d6 6. Bf4 Nf6 7. h3 O-O 8. e3 Nh7
9. Qc2 f5 10. Bh2 Bf6 11. Be2 Nd7 12. Bxd6 Re8 13. c5 b6 14. b4 Bb7 15. O-O a6
16. Bc4 b5 17. Bb3 Kh8 18. e4 g6 19. exf5 gxf5 20. Rae1 Ndf8 21. Ne5 Kg7 22.
Qd3 Bxe5 23. dxe5 Qg5 24. f4 Qg6 25. Rf3 Qh5 26. Rg3+ Kf7 27. Bd1 Qh4 28. Qf3
Ng6 29. Rf1 Rg8 30. Rxg6 Kxg6 31. Ne2 Kf7 32. Nd4 Qg3 33. Qxg3 Rxg3 34. Bh5+
Kg8 35. Nxe6 Bc8 36. Nc7 Ra7 37. Bf3 Bd7 38. e6 Rxc7 39. Bxc7 Bxe6 40. Bxc6
Rxa3 41. Re1 Bf7 42. Be8 Bxe8 43. Rxe8+ Kf7 44. Rh8 Kg6 45. Be5 Rb3 46. c6 Rxb4
47. c7 Rc4 48. Ra8 Rc6 49. Rxa6 Rxa6 50. c8=Q Ra4 51. Qe8# 1-0

[Event "Dimitrovgrad Chmp. 2012 open"]
[Site "Dimitrovgrad"]
[Date "2012.02.23"]
[Round "6"]
[White "Elli, Nikolay"]
[Black "Ishpulaeva, Veronika"]
[Result "0-1"]
[WhiteElo "1632"]
[BlackElo "1485"]
[PlyCount "68"]

1. e4 c5 2. d4 cxd4 3. Qxd4 Nc6 4. Qd1 Nf6 5. Nc3 g6 6. Bd3 Bg7 7. a3 O-O 8.
Nf3 d6 9. h3 Bd7 10. Bf4 Nh5 11. Bh2 Rc8 12. Rb1 a6 13. Nd5 b5 14. b4 Nf6 15.
O-O Nxd5 16. exd5 Nd4 17. Nxd4 Bxd4 18. Qf3 Bg7 19. Rfe1 Rc3 20. Re3 Rxa3 21.
c4 Rc3 22. cxb5 Bxb5 23. Bxb5 Rxe3 24. Qxe3 axb5 25. Bg3 Re8 26. Qd3 Qb6 27.
Bf4 Qd4 28. Qxd4 Bxd4 29. Be3 Bxe3 30. fxe3 Rc8 31. Kf2 Rc4 32. Kf3 Kg7 33. g4
Kf6 34. h4 Ke5 0-1

[Event "Dimitrovgrad Chmp. 2012 open"]
[Site "Dimitrovgrad"]
[Date "2012.02.23"]
[Round "6"]
[White "Ishpulaev, Ivan"]
[Black "Podbornova, Klavdiya"]
[Result "1/2-1/2"]
[WhiteElo "1498"]
[BlackElo "1469"]
[PlyCount "45"]

1. e4 e5 2. f4 Nc6 3. Nf3 exf4 4. Bc4 Bc5 5. d4 Bb6 6. O-O g5 7. c3 d6 8. Kh1
Bg4 9. Qb3 Qf6 10. e5 dxe5 11. dxe5 Qg6 12. e6 Bxe6 13. Re1 O-O-O 14. Bxe6+
fxe6 15. Nbd2 Re8 16. a4 Nh6 17. Nc4 Ba5 18. Qb5 a6 19. Qxg5 Qxg5 20. Nxg5 Ng4
21. b4 Bb6 22. Nxb6+ cxb6 23. Rxe6 1/2-1/2

[Event "Dimitrovgrad Chmp. 2012 open"]
[Site "Dimitrovgrad"]
[Date "2012.02.24"]
[Round "7"]
[White "Ulanov, Alexandr"]
[Black "Ulanov, Sergei"]
[Result "1-0"]
[WhiteElo "2337"]
[BlackElo "2132"]
[PlyCount "69"]

1. d4 Nf6 2. Nf3 d6 3. c4 Nbd7 4. Nc3 c6 5. e4 e5 6. Be2 Be7 7. Be3 Qc7 8. O-O
O-O 9. Nd2 Re8 10. a3 Bf8 11. d5 g6 12. b4 cxd5 13. Nxd5 Nxd5 14. cxd5 Nf6 15.
Rc1 Qd8 16. f4 exf4 17. Rxf4 Nxd5 18. exd5 Rxe3 19. Nc4 Re7 20. Rc3 Bg7 21. Rg3
b5 22. Na5 Qb6+ 23. Kh1 Bb7 24. Rf1 a6 25. Nc6 Rxe2 26. Qxe2 Bxc6 27. dxc6 Qxc6
28. Rgf3 f5 29. Qe6+ Kh8 30. Re1 Rf8 31. Rd3 Rd8 32. Rh3 f4 33. Qxg6 h6 34.
Rxh6+ Kg8 35. Qe6+ 1-0

[Event "Dimitrovgrad Chmp. 2012 open"]
[Site "Dimitrovgrad"]
[Date "2012.02.24"]
[Round "7"]
[White "Lazutin, Valerij"]
[Black "Yakimkin, Igor"]
[Result "0-1"]
[WhiteElo "1971"]
[BlackElo "2208"]
[PlyCount "69"]

1. d4 Nf6 2. Nf3 e6 3. c4 b6 4. Nc3 Bb7 5. Bg5 Be7 6. e3 O-O 7. Be2 Ne4 8. Bxe7
Qxe7 9. O-O f5 10. Rc1 d6 11. a3 Nd7 12. Qc2 Rf6 13. d5 Nxc3 14. Qxc3 e5 15. b4
Rh6 16. g3 Rf8 17. Rfe1 g5 18. Bf1 f4 19. exf4 gxf4 20. Bg2 Rg6 21. Nh4 Rg5 22.
Bh3 Bc8 23. Be6+ Kh8 24. Qd3 Qf6 25. Nf3 fxg3 26. Re3 gxh2+ 27. Kh1 Rg7 28. Rf1
Qe7 29. Nxh2 Nf6 30. Bxc8 Rxc8 31. f4 Rcg8 32. fxe5 Ng4 33. Nxg4 Rxg4 34. e6
Qg7 35. Rf2 0-1

[Event "Dimitrovgrad Chmp. 2012 open"]
[Site "Dimitrovgrad"]
[Date "2012.02.24"]
[Round "7"]
[White "Alyev, Timur"]
[Black "Abramov, Pavel"]
[Result "0-1"]
[WhiteElo "1667"]
[BlackElo "2095"]
[PlyCount "66"]

1. e4 c5 2. c3 Nc6 3. g3 Nf6 4. Bg2 d5 5. exd5 Nxd5 6. Qb3 Nb6 7. Ne2 Be6 8.
Qc2 Bd5 9. f3 Bc4 10. b3 Bd3 11. Qd1 e5 12. Bb2 Be7 13. Na3 O-O 14. Nc2 Qd7 15.
Nc1 Bg6 16. Ne3 Rad8 17. h4 h6 18. Bh3 f5 19. Ne2 Qd6 20. f4 exf4 21. Nxf4 Bxh4
22. Qf3 Qxd2+ 23. Kf1 Qxb2 24. Re1 Ne5 25. Re2 Qxc3 26. Qf2 Bg5 27. Nxg6 Nxg6
28. Nxf5 Nd5 29. Kg2 Ndf4+ 30. gxf4 Nxf4+ 31. Kh2 Qxh3+ 32. Kg1 Nxe2+ 33. Qxe2
Qxf5 0-1

[Event "Dimitrovgrad Chmp. 2012 open"]
[Site "Dimitrovgrad"]
[Date "2012.02.24"]
[Round "7"]
[White "Beldyugin, Alexey"]
[Black "Bezvitelnov, Dmitriy"]
[Result "1-0"]
[WhiteElo "2050"]
[BlackElo "1780"]
[PlyCount "51"]

1. d4 Nf6 2. Nf3 d5 3. c4 c6 4. e3 e6 5. Bd3 Nbd7 6. O-O Bd6 7. Nbd2 O-O 8. e4
dxe4 9. Nxe4 Nxe4 10. Bxe4 Nf6 11. Bg5 h6 12. Bh4 Be7 13. Bc2 Nh7 14. Qd3 f5
15. Bxe7 Qxe7 16. Ne5 Qc7 17. Rad1 Rd8 18. Qg3 Nf6 19. Rd3 Ne4 20. Qg6 Ng5 21.
Rg3 Rxd4 22. f4 Nh7 23. Qxh6 Qe7 24. Bd1 Bd7 25. Bh5 Be8 26. Bf7+ 1-0

[Event "Dimitrovgrad Chmp. 2012 open"]
[Site "Dimitrovgrad"]
[Date "2012.02.24"]
[Round "7"]
[White "Rusakov, Vladimir"]
[Black "Abbasov, Orudj"]
[Result "1-0"]
[WhiteElo "2020"]
[BlackElo "1703"]
[PlyCount "97"]

1. e4 e5 2. Nf3 Nc6 3. Bc4 Bc5 4. b4 Bxb4 5. c3 Ba5 6. O-O Nf6 7. d4 d6 8. Qa4
Bd7 9. d5 Nd4 10. Qxa5 Nc2 11. Bd3 Nxa1 12. Bb2 O-O 13. Nbd2 Ne8 14. Rxa1 f5
15. exf5 Bxf5 16. Bxf5 Rxf5 17. c4 Nf6 18. Re1 Nd7 19. Ne4 b6 20. Qd2 Nc5 21.
Ng3 Rf8 22. Ba3 h6 23. Qc2 Qf6 24. h3 Rae8 25. Bb2 a6 26. Nh2 Qf7 27. Ng4 h5
28. Ne3 g6 29. Re2 Kg7 30. Ngf1 b5 31. cxb5 axb5 32. Ba3 Na6 33. Qc6 Ra8 34.
Ng3 b4 35. Bb2 Nc5 36. Bxe5+ dxe5 37. Qxc5 b3 38. axb3 Ra1+ 39. Ngf1 Rfa8 40.
Qc3 Kh7 41. Qxe5 Rb1 42. Rc2 Rc8 43. d6 c6 44. Nd5 Rf8 45. Ne7 Qxb3 46. Qe4 Qf7
47. Rd2 Rfb8 48. d7 Rd8 49. Qxb1 1-0

[Event "Dimitrovgrad Chmp. 2012 open"]
[Site "Dimitrovgrad"]
[Date "2012.02.24"]
[Round "7"]
[White "Plychek, Viktor"]
[Black "Abramov, Sergey"]
[Result "0-1"]
[WhiteElo "1838"]
[BlackElo "2012"]
[PlyCount "78"]

1. c4 Nf6 2. Nc3 e6 3. e4 c5 4. d3 Nc6 5. g3 d5 6. Bg5 d4 7. Nb5 Be7 8. Nf3 a6
9. Na3 e5 10. Bg2 O-O 11. O-O h6 12. Bd2 Nh7 13. Nc2 f5 14. h3 fxe4 15. dxe4
Be6 16. b3 Qd7 17. Kh2 Rf7 18. Ng1 Raf8 19. Be1 b5 20. cxb5 axb5 21. f4 exf4
22. gxf4 Rxf4 23. Rxf4 Rxf4 24. Bg3 Rf8 25. Nf3 Ng5 26. Nxg5 Bxg5 27. Na3 Nb4
28. Nc2 Nxc2 29. Qxc2 c4 30. bxc4 bxc4 31. Rf1 Rxf1 32. Bxf1 d3 33. Qd1 Qd4 34.
Qa4 Qxe4 35. Bxd3 Qxd3 36. Qe8+ Kh7 37. Qxe6 c3 38. Be5 Qe4 39. Qd6 c2 0-1